Evaluación de la efectividad de los herbicidas glifosato y lightning sobre Cynodon dactylon en el cultivo de maíz y sus efectos sobre los cultivos subsiguientes /

Guardado en:
Autor Principal: Juanicorena, Jerónimo Matías.
Autor Corporativo: Universidad Nacional del Sur. Departamento de Agronomía.
Otros Autores: Irigoyen, Jorge, (tutor.)
Formato: Libro
Idioma:Spanish
Publicado: Bahía Blanca, 2009.
Etiquetas: Agregar Etiqueta
Sin Etiquetas, Sea el primero en etiquetar este registro!
LEADER 00819nam a22001695a 4500
001 EEA.libagro008270
005 20161102115958.0
008 130809s2009####ag#a##########000#0#spa#d
082 0 4 |a 633.1595 
100 1 |a Juanicorena, Jerónimo Matías. 
245 1 0 |a Evaluación de la efectividad de los herbicidas glifosato y lightning sobre Cynodon dactylon en el cultivo de maíz y sus efectos sobre los cultivos subsiguientes /  |c Jerónimo Matías Juanicorena. 
260 |a Bahía Blanca,  |c 2009. 
300 |a 33 h. :  |b ilus. ;  |c 30 cm. 
502 |a Trabajo de intensificación (Ingeniero Agrónomo) -- Universidad Nacional del Sur. Departamento de Agronomía, 2009. 
700 1 |a Irigoyen, Jorge,  |e tutor. 
710 2 |a Universidad Nacional del Sur.  |b Departamento de Agronomía. 
859 |a AR-BbBCA  |b BIB. AGRONOMIA  |h 633.1595  |i J91  |p 2009/5659